Normal view
MARC view
- STATISTICS.STATISTICS-A BASIC COURSE IN
Entry Topical Term
001 - CONTROL NUMBER
- control field: 68557
003 - CONTROL NUMBER IDENTIFIER
- control field: NUST
005 - DATE AND TIME OF LATEST TRANSACTION
- control field: 20210628204051.0
008 - FIXED-LENGTH DATA ELEMENTS
- fixed length control field: 210628|| aca||aabn | a|a d
040 ## - CATALOGING SOURCE
- Original cataloging agency: NUST
- Transcribing agency: NUST
150 ## - HEADING--TOPICAL TERM
- Topical term or geographic name entry element: STATISTICS.STATISTICS-A BASIC COURSE IN
670 ## - SOURCE DATA FOUND
- Source citation: Work cat.: (NUST): Clarke, G.M , Cooke, D 68556, A basic course in statistics, 2004
